| 000 | 00664nam a2200193 i 4500 | ||
|---|---|---|---|
| 001 | 90612 | ||
| 003 | ES-MaACL | ||
| 005 | 20230906180516.0 | ||
| 007 | t| | ||
| 008 | 050121s1972 sp ||||1| spa d | ||
| 100 | 1 |
_aLehninger, Albert L. _971352 |
|
| 245 | 1 | 0 |
_aBioquímica _b: las bases moleculares de la estructura y función celular / _cAlbert L. Lehninger ; traducido del inglés por Fernando Calvet Prats y Jorge Bozal Fes. |
| 250 | _a[5ª reed.]. | ||
| 260 |
_aBarcelona : _bOmega, _c[1972] |
||
| 300 |
_aXIII, 887 p. ; _c30 cm. |
||
| 700 | 1 |
_aCalvet Prats, Fernando. _933817 |
|
| 700 | 1 |
_aBozal Fes, Jorge. _931209 |
|
| 852 |
_aES-MaACL _jA-5865 _bR.94906 |
||
| 999 |
_c90612 _d90612 |
||